000 00338nam a2200133 i 4500
001 bg
100 1 _aWEISS, Marian
245 0 _aPodstawowe zagadnienia rehabilitacji schorzeń narządu ruchu /
_cMarian Weiss.
260 _aWarszawa,
_c1969.
040 _cBPK
041 _apol
942 _cKS
008 s pl f |000 0 pol
999 _c7428
_d7428
856 _uhttp://koha.tu.koszalin.pl/cgi-bin/koha/opac-detail.pl?biblionumber=7428
_yKatalog online BPK